[Event "Bangkok Big Rook op"]
[Site "Bangkok"]
[Date "2024.02.26"]
[Round "7"]
[White "Frost, Peter"]
[Black "Yu, Zechen"]
[Result "1/2-1/2"]
[WhiteElo "1637"]
[BlackElo "1665"]
[PlyCount "138"]
[EventDate "2024.02.23"]
[EventType "swiss"]
[EventRounds "7"]
[EventCountry "THA"]
[SourceTitle "CB10_2024"]
[SourceDate "2024.03.06"]
[SourceVersion "1"]
[SourceVersionDate "2024.03.06"]
[SourceQuality "1"]

1. c4 e6 2. d4 d5 3. Nc3 Nf6 4. cxd5 exd5 5. Bg5 Bb4 6. Qa4+ Nc6 7. e3 h6 8. Bxf6 Qxf6 9. Nf3 0-0 10. Be2 Be6 11. 0-0 a6 12. Rac1 g5 13. Qb3 Bxc3 14. Qxc3 Rfc8 15. Nd2 g4 16. f3 Qg7 17. fxg4 Bxg4 18. Bxg4 Qxg4 19. Rf3 Qe6 20. Rcf1 Re8 21. R1f2 Re7 22. Nf1 Kh7 23. Ng3 Rg8 24. Nh5 Rg5 25. Qd3+ f5 26. Ng3 Qg6 27. Rxf5 Rg7 28. Qf1 Rxf5 29. Rxf5 Qe6 30. Qf4 Qg6 31. Rf6 Qg5 32. Qf5+ Kh8 33. Rf8+ Rg8 34. Qxg5 hxg5 35. Rxg8+ Kxg8 36. Kf1 Nb4 37. a3 Nd3 38. b4 Nb2 39. Ke2 b5 40. e4 Nc4 41. exd5 Nxa3 42. Kd3 Nc4 43. Ne4 Nb6 44. Nc5 Nxd5 45. Nxa6 c6 46. Ke4 Kf7 47. Kf5 Ne3+ 48. Kxg5 Nxg2 49. Nb8 Ne1 50. Nxc6 Nf3+ 51. Kf5 Nxh2 52. Na7 Nf1 53. Ke4 Ke6 54. d5+ Kd7 55. Nxb5 Nd2+ 56. Kd3 Nf3 57. Ke4 Nd2+ 58. Kd4 Nb3+ 59. Kc4 Nd2+ 60. Kc5 Ne4+ 61. Kb6 Nf6 62. Nc3 Kd6 63. b5 Nd7+ 64. Ka6 Kc5 65. Kb7 Ne5 66. Kc7 Nc4 67. Kd7 Nb6+ 68. Kc7 Nxd5+ 69. Nxd5 Kxb5 1/2-1/2

[Event "Bangkok Big Rook op"]
[Site "Bangkok"]
[Date "2024.02.26"]
[Round "6"]
[White "Yu, Zechen"]
[Black "Gutsulyak, Nikolay"]
[Result "0-1"]
[WhiteElo "1665"]
[BlackElo "1729"]
[PlyCount "174"]
[EventDate "2024.02.23"]
[EventType "swiss"]
[EventRounds "7"]
[EventCountry "THA"]
[SourceTitle "CB10_2024"]
[SourceDate "2024.03.06"]
[SourceVersion "1"]
[SourceVersionDate "2024.03.06"]
[SourceQuality "1"]

1. e4 c5 2. Nf3 g6 3. d4 cxd4 4. Nxd4 Nc6 5. Be3 Nf6 6. Bd3 Bg7 7. h3 0-0 8. c4 Ng4 9. hxg4 Nxd4 10. Qd2 e6 11. Nc3 Qe7 12. 0-0-0 a6 13. Bh6 f6 14. Rh3 Rf7 15. f4 Bxh6 16. Rxh6 b5 17. f5 gxf5 18. gxf5 b4 19. Ne2 Nxe2+ 20. Bxe2 Bb7 21. e5 fxe5 22. f6 Qc5 23. Qg5+ Kh8 24. Rdh1 Be4 25. R6h5 d6 26. R1h3 Qg1+ 27. Kd2 Qd4+ 28. Ke1 Rg8 29. Qe3 Rxg2 30. Qxd4 exd4 31. Ra5 Rxf6 32. Rxa6 Rff2 33. Bd3 Rxb2 34. Kf1 Bxd3+ 35. Rxd3 Rbf2+ 36. Ke1 Rxa2 37. Rxa2 Rxa2 38. Rxd4 Ra6 39. Rg4 b3 40. Kd2 b2 41. Kc2 Rb6 42. Kb1 d5 43. cxd5 exd5 44. Rd4 Rb5 45. Rg4 h6 46. Rg6 Kh7 47. Rg2 h5 48. Rg5 Kh6 49. Rg8 h4 50. Rg4 Kh5 51. Rg8 h3 52. Rg1 Kh4 53. Rg8 h2 54. Rh8+ Kg3 55. Rg8+ Kf2 56. Rf8+ Kg1 57. Rg8+ Kh1 58. Rg5 Rb3 59. Rxd5 Kg2 60. Rd2+ Kh3 61. Rd1 Rg3 62. Kxb2 Rg1 63. Rd3+ Kg4 64. Rd4+ Kf3 65. Rd3+ Ke4 66. Rh3 h1Q 67. Rxh1 Rxh1 68. Kc3 Rd1 69. Kc2 Rd8 70. Kc3 Rd7 71. Kc2 Ke3 72. Kc1 Ke2 73. Kc2 Rc7+ 74. Kb3 Kd3 75. Kb4 Rc1 76. Kb5 Kd4 77. Kb6 Kd5 78. Kb7 Kd6 79. Kb8 Kd7 80. Kb7 Rb1+ 81. Ka6 Kc6 82. Ka5 Rb8 83. Ka4 Kc5 84. Ka3 Kc4 85. Ka2 Kc3 86. Ka1 Kc2 87. Ka2 Ra8# 0-1